ZAHL:reich - Statistiken

Allgemein
  • Dieses Quiz wurde 236 mal gespielt
    235 seit der letzten Aktualisierung
  • Das Durchschnittsergebnis liegt bei 22 aus 40
Antwortstatistiken
Hinweis Antwort % Korrekt
Das Universum ist grenzenlos. Es ist ... unendlich
94%
mal rechnen = ... multiplizieren
80%
geteilt rechnen = ... dividieren
79%
plus rechnen = ... addieren
77%
Viereck mit vier gleich langen Seiten = ... Quadrat
76%
minus rechnen = ... subtrahieren
76%
Der ... besteht aus Zähler und Nenner. Bruch
73%
Der berühmte Mathematiker Fibonacci stammte aus ... Italien
73%
Ein Wasservolumen wird oft in ... angegeben. Liter
73%
Ergebnis einer Plusrechnung = ... Summe
73%
1000 Kilos = ... Tonne
73%
Entfernung zw. Mittelpunkt und einem Punkt auf der Kreislinie = ... Radius
72%
umgekehrte Potenzrechnung = ... ziehen Wurzel
67%
Fürs Fach ... braucht man oft Zirkel und Lineal. Geometrie
66%
in gleicher Richtung und in gleichem Abstand neben etwas anderem verlaufend = ... parallel
62%
1m mal 1m mal 1m = ... Kubikmeter
61%
1 Dezimeter = 10 Zentimeter = 100 ...-meter Milli
61%
Grösstmöglicher Abstand zweier Punkte der Kreislinie = ... Durchmesser
60%
Ein Kubikmeter hat die Form eines ... Würfels
60%
Runder Körper = ... Kugel
58%
Ausdruck aus 2 Termen mit einem Gleichzeichen in der Mitte = ... Gleichung
57%
waagrecht = ... horizontal
57%
Das 2-er-System wird auch ...-System genannt Binär
56%
Ebene = ... Fläche
52%
senkrecht = ... vertikal
51%
Eine ... ist ein Buchstabe, der für einen veränderlichen Wert steht. Variable
50%
1 Million = 1 Mega / 1 Milliarde = 1 ... Giga
49%
Zahl, die mehrfach mit sich selber multipliziert wird = ... Potenz
46%
Eine gerade Linie, die von 2 Punkten begrenzt wird = ... Strecke
46%
km/h = Geschwindigkeit
44%
1 milliardstel Teil eines Meters = 1 Nano / 1 millionstel Teil = 1 ... Mikro
40%
Die ... verbindet 2 nicht benachbarte Ecken eines Vielecks miteinander. Diagonale
39%
1, 1, 2, 3, 5, 8, 13, 21, ... 34
38%
2, 3, 5, 7, 11, 13, 17, 19, 23, ... = Primzahlen
37%
annehmen, überschlagen, annäherungsweise bestimmen = ... schätzen
32%
Entfernung = ... Distanz
28%
Kleiner als 1 = ... Null
28%
1 Franken = 100 ... Rappen
24%
Eine bestimmte Anzahl = ... Menge
23%
90° = ... rechtwinklig
18%
Keine übereinstimmenden Quizze gefunden
Verteilung der Resultate
Anzahl Personen mit jedem Resultat
Perzentil nach korrekt beantworteten Fragen
Ihre Resultats-Entwicklung
Sie haben dieses Quiz seit der letzten Aktualisierung nicht gespielt